| 000 | 00000nam 2200000zi 4500 |
| 001 | 9.920122 |
| 003 | CaOODSP |
| 005 | 20241129083806 |
| 006 | m o d f |
| 007 | cr |n||||||||| |
| 008 | 230213e197411##nsc ob f|0| 0 eng d |
| 040 | |aCaOODSP|beng|erda|cCaOODSP |
| 043 | |an-cn--- |
| 086 | 1 |aEn56-310/1974E-PDF |
| 100 | 1 |aTaylor, B. L., |eauthor. |
| 245 | 10|aAerial pesticide spray drift models for use in regulatory applications / |cB.L. Taylor. |
| 264 | 1|a[Bedford, Nova Scotia] : |bAtmospheric Environment Service, |cNovember 1974. |
| 300 | |a1 online resource (3 pages) |
| 336 | |atext|btxt|2rdacontent |
| 337 | |acomputer|bc|2rdamedia |
| 338 | |aonline resource|bcr|2rdacarrier |
| 500 | |aDigitized edition from print [produced by Environment and Climate Change Canada]. |
| 504 | |aIncludes bibliographical references. |
| 650 | 0|aPesticides|xEnvironmental aspects|xMeasurement. |
| 650 | 0|aSpraying and dusting residues in agriculture. |
| 650 | 6|aPesticides|xAspect de l'environnement|xMesure. |
| 650 | 6|aPulvérisation et poudrage en agriculture|xRésidus. |
| 710 | 1 |aCanada. |bAtmospheric Environment Service. |bAtlantic Region, |eissuing body. |
| 856 | 40|qPDF|s261 KB|uhttps://publications.gc.ca/collections/collection_2024/eccc/En56-310-1974-eng.pdf |